| Tag |
First Indicator |
Second Indicator |
Subfields |
| LEADER |
00000nam a2200000 4500 |
| 001 |
in00004326721 |
| 005 |
20200812081433.0 |
| 006 |
m g d |
| 007 |
cr bn |||a|bb| |
| 008 |
951214s1692 enk o 00| | eng d |
| 035 |
|
|
|a (UnM)99832846
|
| 037 |
|
|
|a CL0037000067
|b ProQuest Information and Learning. 300 N. Zeeb Rd., Ann Arbor, MI 48106
|
| 040 |
|
|
|a Cu-RivES
|c Cu-RivES
|d CStRLIN
|e dcrb
|d WaOLN
|
| 100 |
1 |
|
|a Marlow, Isaac.
|
| 245 |
1 |
0 |
|a Some brief remarks on a paper printed and annexed to the narrative of the proceedings of the elders and messengers of the baptized churches of Christ,
|b asserting the doctrine of personal election and final perseverance, who met in London, on May the 17. 1692. to consider of several cases, in order to preserve and encrease their mutual love, peace, concord, and welfare among themselves.
|
| 260 |
|
|
|a [S.l. :
|b publisher not identified],
|c 1692.
|
| 300 |
|
|
|a 1 online resource (28 pages)
|
| 336 |
|
|
|a text
|b txt
|2 rdacontent
|
| 337 |
|
|
|a computer
|b c
|2 rdamedia
|
| 338 |
|
|
|a online resource
|b cr
|2 rdacarrier
|
| 500 |
|
|
|a Reproduction of the original in the Bodleian Library.
|
| 510 |
4 |
|
|a Wing (2nd edition)
|c M694A
|
| 533 |
|
|
|a Electronic reproduction.
|b Ann Arbor, Mich. :
|c UMI,
|d 1999-
|f (Early English books online)
|n Digital version of: (Early English books, 1641-1700 ; 1782:6)
|7 s1999 miun s
|
| 650 |
|
0 |
|a Election (Theology)
|v Early works to 1800.
|
| 650 |
|
0 |
|a Clergy
|x Appointment, call, and election
|v Early works to 1800.
|
| 830 |
|
0 |
|a Early English books online.
|
| 856 |
4 |
0 |
|u http://proxy.library.tamu.edu/login?url=https://search.proquest.com/docview/2240941352
|z Connect to the full text of this electronic book
|t 0
|
| 999 |
f |
f |
|s 8dab2749-d31f-3c49-b783-9ed57230bec0
|i 7e3914ba-2843-3986-a75b-ee062992fa77
|t 0
|
| 952 |
f |
f |
|a Texas A&M University
|b College Station
|c Electronic Resources
|d Available Online
|t 0
|h No information provided
|
| 998 |
f |
f |
|t 0
|l Available Online
|